000 00820nam a2200253Ia 4500
003 OSt
005 20220918170927.0
006 a|||||r|||| 00| 0
007 ta
008 220917b |||||||| |||| 00| 0 eng d
020 _a9780822342830 (pbk)
_c902.22
024 _a237,811
037 _b26988, 05/02/2009, Segment Book Distributors
_cTextual
040 _aARTS
_cARTS
_beng
041 _2eng
_aeng
082 _aY7:(D65,8(B):71), P8
100 _aFabin Johnnes
_932328
245 0 _aEthnography as commentary
_b Writing from the virtual archive
260 _aLondon
_bDuke University Press UK
_c2008
300 _aix, 139p.
_ccm.
650 _aSOCIOLOGY
942 _hY7:(D65,8(B):71), P8
_cTEXL
_2CC
999 _c136707
_d136707